[Event "Aarhus"]
[Site "Aarhus"]
[Date "1983.??.??"]
[Round "9"]
[White "Mortensen, Erling"]
[Black "Helmers, Knut J"]
[Result "1/2-1/2"]
[WhiteElo "2475"]
[BlackElo "2465"]
[PlyCount "38"]
[EventDate "1983.05.??"]
[Source "ChessBase"]

1. e4 e5 2. Nf3 Nc6 3. Bb5 a6 4. Ba4 b5 5. Bb3 Na5 6. O-O d6 7. d4 Nxb3 8. axb3 f6 9. c4 b4 10. d5 Ne7 11. Be3 c5 12. dxc6 Qc7 13. Nbd2 Nxc6 14. Ne1 Be7 15. f4 exf4 16. Bxf4 O-O 17. Nc2 f5 18. exf5 Bxf5 19. Bg3 Ne5 1/2-1/2

[Event "Mitropa Cup"]
[Site "Leipzig"]
[Date "2002.05.10"]
[Round "8.3"]
[White "Dunis, Aurelien"]
[Black "Mikhalchishin, Adrian"]
[Result "0-1"]
[WhiteElo "2405"]
[BlackElo "2535"]
[PlyCount "117"]
[EventDate "2002.05.03"]
[Source "ChessBase"]
[SourceDate "2002.08.12"]

1. e4 e5 2. Nf3 Nc6 3. Bb5 a6 4. Ba4 b5 5. Bb3 Bb7 6. O-O Nf6 7. c3 Be7 8. d4 d6 9. Re1 O-O 10. Nbd2 exd4 11. cxd4 Nb4 12. Qe2 c5 13. a3 Nc6 14. dxc5 dxc5 15. e5 Nd5 16. Ne4 Nc7 17. Rd1 Qe8 18. Be3 c4 19. Bc2 Ne6 20. Nd6 Qb8 21. Bh6 Rd8 22. Qe4 g6 23. Nxb7 Qxb7 24. h4 Rxd1+ 25. Rxd1 Rd8 26. Rxd8+ Ncxd8 27. Qg4 Qd7 28. h5 Nc5 29. Qd4 Nde6 30. Qxd7 Nxd7 31. hxg6 hxg6 32. Kf1 Bd8 33. Bd2 Bc7 34. Bc3 Kf8 35. Ke1 Ke7 36. Be4 Ndc5 37. Bb4 Kd7 38. Bc2 Kc6 39. Kd2 Kd5 40. Ke3 Bb6 41. Bxc5 Bxc5+ 42. Ke2 Bd4 43. b3 Nf4+ 44. Kf1 Bxe5 45. bxc4+ bxc4 46. g3 Ne6 47. Ke2 Bd6 48. a4 a5 49. Bd1 Bc5 50. Bc2 Be7 51. Bd1 Nc5 52. Nd2 Nd3 53. f4 Nc1+ 54. Kf3 Kd4 55. Nf1 Nd3 56. Ne3 Nb4 57. Ng4 f6 58. Ke2 Bd8 59. Ne3 0-1

[Event "Mitropa-Cup"]
[Site "Lienz"]
[Date "1983.10.25"]
[Round "3.1"]
[White "Kindermann, Stefan E S"]
[Black "Wittmann, Walter"]
[Result "1-0"]
[WhiteElo "2500"]
[BlackElo "2435"]
[PlyCount "47"]
[EventDate "1983.10.22"]
[Source "www.chesslib.no"]
[SourceDate "2004.05.04"]

1. e4 e5 2. Nf3 Nc6 3. Bb5 a6 4. Ba4 b5 5. Bb3 Bc5 6. c3 d6 7. d4 exd4 8. cxd4 Bb6 9. h3 Qf6 10. Be3 Nge7 11. Nc3 Bd7 12. O-O h6 13. e5 dxe5 14. dxe5 Qg6 15. Nh4 Qh7 16. Bxb6 cxb6 17. Bxf7+ Kxf7 18. Qxd7 Rhd8 19. Qg4 Rd4 20. f4 Rad8 21. Nf3 Rd3 22. f5 Kg8 23. f6 Nf5 24. Ne1 1-0

[Event "Oslo"]
[Site "Oslo"]
[Date "1992.??.??"]
[Round "7"]
[White "Kveinys, Aloyzas"]
[Black "Gausel, Einar"]
[Result "1/2-1/2"]
[WhiteElo "2485"]
[BlackElo "2445"]
[PlyCount "100"]
[EventDate "1992.04.??"]
[Source "ChessBase"]

1. e4 e5 2. Nf3 Nc6 3. Bb5 a6 4. Ba4 b5 5. Bb3 Na5 6. O-O d6 7. d4 f6 8. dxe5 Nxb3 9. axb3 dxe5 10. Qe2 Bb7 11. c4 b4 12. Rd1 Qc8 13. Ne1 Ne7 14. Nd3 Nc6 15. Be3 Qe6 16. Nd2 O-O-O 17. f3 Be7 18. c5 Rd7 19. Nc4 Rhd8 20. Qc2 f5 21. Ne1 g6 22. exf5 gxf5 23. Rxd7 Qxd7 24. Na5 Nxa5 25. Rxa5 e4 26. fxe4 fxe4 27. Ra1 Qd5 28. g3 h5 29. h4 Rg8 30. Kh2 Qe5 31. Bf4 Qxc5 32. Qxc5 Bxc5 33. Ra5 Bf2 34. Nc2 e3 35. Rxh5 e2 36. Rh7 Bf3 37. Rxc7+ Kd8 38. Rf7 Ke8 39. Rf5 Bg4 40. Re5+ Kf7 41. Kg2 Bb6 42. Bd2 Bc7 43. Rg5 Rxg5 44. hxg5 a5 45. Ne3 Be6 46. Kf2 Bxb3 47. Kxe2 Be5 48. Kd3 Bxg3 49. Nf5 Bf2 50. Ke4 Bd1 1/2-1/2

[Event "Cappelle Open"]
[Site "Cappelle la Grande FRA"]
[Date "1993.??.??"]
[Round "1"]
[White "Cimra, Jozef"]
[Black "Agdestein, Simen"]
[Result "0-1"]
[WhiteElo "2300"]
[BlackElo "2630"]
[PlyCount "64"]
[EventDate "1993.02.??"]
[Source "www.chesslib.no"]
[SourceDate "2004.05.04"]

1. e4 e5 2. Nf3 Nc6 3. Bb5 a6 4. Ba4 b5 5. Bb3 Na5 6. O-O d6 7. c3 Nxb3 8. Qxb3 Bb7 9. d3 Qd7 10. a4 c5 11. axb5 axb5 12. Rxa8+ Bxa8 13. Na3 Bc6 14. Bd2 Be7 15. Ng5 Bd8 16. f4 Nf6 17. d4 exd4 18. cxd4 cxd4 19. e5 Ng4 20. e6 fxe6 21. Nxe6 Bb6 22. Nc2 d3+ 23. Ncd4 Be4 24. Kh1 d5 25. h3 Bxd4 26. Nxd4 Ne3 27. Rf2 Qxh3+ 28. Kg1 Bxg2 29. Qxb5+ Kf7 30. Qb7+ Kg6 31. f5+ Kh5 32. Qf7+ g6 0-1

[Event "Leeuwarden Open"]
[Site "Leeuwarden NED"]
[Date "1993.??.??"]
[Round "1"]
[White "Visser, Yge"]
[Black "Piket, Jeroen"]
[Result "0-1"]
[WhiteElo "2335"]
[BlackElo "2590"]
[PlyCount "60"]
[EventDate "1993.08.??"]
[Source "www.chesslib.no"]
[SourceDate "2004.05.04"]

1. e4 e5 2. Nf3 Nc6 3. Bb5 a6 4. Ba4 d5 5. Bxc6+ bxc6 6. d4 exd4 7. Nxd4 c5 8. Ne2 Ne7 9. Nbc3 Rb8 10. O-O Ng6 11. b3 Be7 12. Nxd5 O-O 13. Bb2 f5 14. exf5 Rxf5 15. Ng3 Rf7 16. f4 Qf8 17. Qd3 Bb7 18. Rae1 Rd8 19. Nh5 Bh4 20. g3 Rf5 21. Nxc7 Rxh5 22. Ne6 Qf7 23. Nxd8 Bxd8 24. f5 Nf8 25. Rf4 Bg5 26. Rg4 a5 27. f6 a4 28. fxg7 Ng6 29. c4 Rxh2 30. Ree4 Qf2# 0-1

[Event "Biel"]
[Site "Biel"]
[Date "1982.??.??"]
[Round "2"]
[White "Lobron, Eric"]
[Black "Mariotti, Sergio"]
[Result "1/2-1/2"]
[WhiteElo "2470"]
[BlackElo "2455"]
[PlyCount "120"]
[EventDate "1982.07.??"]
[Source "ChessBase"]

1. e4 e5 2. Nf3 Nc6 3. Bb5 a6 4. Ba4 b5 5. Bb3 Bc5 6. O-O d6 7. c3 Bb6 8. d4 exd4 9. Nxd4 Nxd4 10. cxd4 Ne7 11. Nc3 Bb7 12. Bg5 Qd7 13. Bxe7 Qxe7 14. Nd5 Bxd5 15. Bxd5 Rb8 16. Bc6+ Kf8 17. Qd2 h5 18. Rfe1 Rh6 19. Re3 Qg5 20. f4 Qxf4 21. Rf1 Qg5 22. Rf5 Qe7 23. Bd5 f6 24. Rg3 Qe8 25. Kh1 Rd8 26. Qg5 Qf7 27. h4 Rh8 28. Rgf3 fxg5 29. Rxf7+ Kg8 30. R7f5+ Kh7 31. Rxg5 Rhf8 32. Rxh5+ Kg6 33. Bf7+ Rxf7 34. Rg5+ Kh6 35. Rxf7 Bxd4 36. Rxc7 Bxb2 37. Rc6 Bf6 38. Rd5 Re8 39. g4 Kh7 40. g5 Be5 41. Kg2 Kg6 42. Rxa6 Kh5 43. Rxb5 Kxh4 44. Kf3 Rc8 45. a4 Rc3+ 46. Ke2 Ra3 47. Kd2 Kg4 48. Kc2 Kf4 49. Rb3 Ra1 50. Rb1 Ra3 51. Rb3 Ra1 52. Rb4 Kxg5 53. a5 Kf4 54. Ra8 g5 55. a6 g4 56. Kb3 g3 57. Rf8+ Ke3 58. Ra4 Rxa4 59. Kxa4 Bd4 60. Rg8 Kf3 1/2-1/2

[Event "ESP-ch"]
[Site "Palencia"]
[Date "1999.08.27"]
[Round "9"]
[White "Moreno Carnero, Javier"]
[Black "Narciso Dublan, Marc"]
[Result "1-0"]
[WhiteElo "2474"]
[BlackElo "2447"]
[PlyCount "136"]
[EventDate "1999.08.19"]
[Source "ChessBase"]
[SourceDate "1999.09.14"]

1. e4 e5 2. Nf3 Nc6 3. Bb5 a6 4. Ba4 b5 5. Bb3 Na5 6. O-O d6 7. Re1 Ne7 8. d4 Nxb3 9. axb3 f6 10. c4 b4 11. c5 dxc5 12. dxe5 Qxd1 13. Rxd1 f5 14. Bf4 h6 15. exf5 Bxf5 16. Nbd2 Nd5 17. Bg3 Be7 18. Nc4 Be6 19. Na5 Kd7 20. Ne1 Rhb8 21. Nd3 Ke8 22. Nc6 Rb5 23. Nxe7 Nxe7 24. Rdc1 c4 25. bxc4 Rb6 26. f4 Rd8 27. Nc5 Bc8 28. Rd1 Rxd1+ 29. Rxd1 Rc6 30. Bf2 g5 31. fxg5 hxg5 32. b3 Bf5 33. Ra1 Bc2 34. Ra2 Bd1 35. Ra1 Bc2 36. Ra2 Bd1 37. Rd2 Bg4 38. h3 Bc8 39. Ra2 g4 40. hxg4 Rg6 41. Bh4 Rxg4 42. Bxe7 Kxe7 43. Ra4 Rg5 44. Rxb4 Rxe5 45. Rb8 Rxc5 46. Rxc8 Kd7 47. Rf8 a5 48. Rf4 Rc6 49. g3 Rd6 50. Kg2 Rd3 51. Rf3 Rd4 52. Kh3 a4 53. bxa4 Rxc4 54. Ra3 c5 55. a5 Rb4 56. a6 Rb8 57. Kg4 Ke6 58. Kf4 Kd5 59. Ra4 Kc6 60. Ke3 Kb5 61. Ra1 Kc4 62. a7 Ra8 63. Kd2 Kb3 64. Rb1+ Kc4 65. Rb7 Kd5 66. g4 Kc6 67. Rf7 Kb6 68. g5 Rxa7 1-0

[Event "St Petersburg op2"]
[Site "St Petersburg"]
[Date "1994.??.??"]
[Round "8"]
[White "Yemelin, Vasily"]
[Black "Yuneev, Alexey"]
[Result "1-0"]
[WhiteElo "2520"]
[BlackElo "2400"]
[PlyCount "111"]
[EventDate "1994.10.??"]
[Source "ChessBase"]

1. e4 e5 2. Nf3 Nc6 3. Bb5 a6 4. Ba4 b5 5. Bb3 Na5 6. O-O d6 7. d4 exd4 8. Qxd4 Ne7 9. Qc3 Nxb3 10. cxb3 Bb7 11. Bg5 f6 12. Bh4 Nc6 13. Nd4 Nxd4 14. Qxd4 d5 15. e5 Be7 16. exf6 Bxf6 17. Re1+ Kf7 18. Bxf6 Qxf6 19. Qc5 Qd6 20. Qxd6 cxd6 21. Nc3 d4 22. Ne2 d3 23. Nd4 Rhe8 24. f3 Kf6 25. Kf2 Rxe1 26. Rxe1 Rc8 27. Re6+ Kf7 28. Re3 Rc1 29. Rxd3 Rb1 30. Rd2 Kf6 31. b4 Ke5 32. Ne2 g5 33. Nc3 Rc1 34. Ke3 h5 35. Re2 Rh1 36. Kf2+ Kf6 37. Re8 Bc6 38. Rc8 Bd7 39. Ne4+ Ke7 40. Rg8 d5 41. Nc5 Be8 42. Rxg5 Kd6 43. h3 Rb1 44. Nd3 d4 45. Rg8 Ke7 46. Rg5 Kd6 47. Rf5 Rd1 48. Ke2 Rb1 49. Rf6+ Ke7 50. Rxa6 Bf7 51. b3 Be6 52. g4 hxg4 53. hxg4 Ra1 54. Nc5 Bd5 55. g5 Rg1 56. g6 1-0

[Event "HUN Ch"]
[Site "HUN"]
[Date "1989.??.??"]
[Round "?"]
[White "Horvath, Jozsef"]
[Black "Horvath, Gyula"]
[Result "1/2-1/2"]
[WhiteElo "2510"]
[BlackElo "2410"]
[PlyCount "96"]
[EventDate "1989.05.??"]
[Source "www.chesslib.no"]
[SourceDate "2004.05.04"]

1. e4 e5 2. Nf3 Nc6 3. Bb5 a6 4. Ba4 b5 5. Bb3 Na5 6. O-O d6 7. d4 exd4 8. Nxd4 Nxb3 9. axb3 Bb7 10. Re1 c5 11. Nf5 g6 12. Ng3 Bg7 13. Nc3 Ne7 14. Bf4 Be5 15. Qd2 O-O 16. Rad1 Qc8 17. Bxe5 dxe5 18. Qd6 Re8 19. Qxe5 Nf5 20. Qf4 Nd4 21. Qc1 Qc6 22. f3 Rad8 23. Nce2 Ne6 24. Qe3 h5 25. c3 Qc7 26. Nf1 Qe5 27. Qf2 Kg7 28. Ne3 Bc6 29. Qg3 Qxg3 30. hxg3 Rxd1 31. Rxd1 Rd8 32. Rxd8 Nxd8 33. Kf2 Kf6 34. Nf4 Ke7 35. g4 hxg4 36. Nxg4 Nb7 37. Ne5 Be8 38. Ned3 Kd6 39. Ke3 Bc6 40. g4 g5 41. Nh3 f6 42. e5+ Ke7 43. b4 cxb4 44. cxb4 a5 45. Nc5 Nxc5 46. exf6+ Kxf6 47. bxc5 a4 48. Nf2 b4 1/2-1/2

[Event "TCh-SWE Elitserien 2004-5"]
[Site "?"]
[Date "2004.11.07"]
[Round "3"]
[White "Hall Jesper"]
[Black "Lyrberg Patrik"]
[Result "1/2-1/2"]
[WhiteElo "2487"]
[BlackElo "2432"]
[PlyCount "50"]
[EventDate "2004.??.??"]
[Source "www.chesslib.no"]
[SourceDate "2004.05.04"]

1. e4 e5 2. Nf3 Nc6 3. Bb5 a6 4. Ba4 b5 5. Bb3 Nf6 6. d4 Nxe4 7. dxe5 Nc5 8. Nc3 Nxb3 9. axb3 Bb7 10. O-O Be7 11. Nd5 O-O 12. Bf4 Nb4 13. Nxe7+ Qxe7 14. c3 Nd5 15. Bg3 f5 16. exf6 Qxf6 17. Qd2 d6 18. Rfe1 Qg6 19. Nd4 c5 20. Ne6 Rf6 21. Ng5 Rd8 22. f3 Rf5 23. Ne4 Nc7 24. Rad1 Rd5 25. Qc1 h6 1/2-1/2

[Event "Bundesliga 8990"]
[Site "Germany"]
[Date "1990.??.??"]
[Round "?"]
[White "Hickl, Joerg"]
[Black "Stein, Bernd"]
[Result "1/2-1/2"]
[WhiteElo "2500"]
[BlackElo "2415"]
[PlyCount "65"]
[EventDate "1989.10.??"]
[Source "ChessBase"]
[SourceDate "1999.07.01"]

1. e4 e5 2. Nf3 Nc6 3. Bb5 a6 4. Ba4 b5 5. Bb3 Na5 6. d4 Nxb3 7. axb3 exd4 8. Nxd4 Bb7 9. O-O d5 10. exd5 Qxd5 11. Qe2+ Be7 12. Nf3 Qe4 13. Qxe4 Bxe4 14. Nc3 Bb7 15. Re1 O-O-O 16. Bf4 Bf6 17. Ne5 Bxe5 18. Bxe5 f6 19. Bf4 g5 20. Bg3 Nh6 21. Ne4 Bxe4 22. Rxe4 Rhe8 23. Rxe8 Rxe8 24. Kf1 Re6 25. Rd1 Nf5 26. Rd5 Nxg3+ 27. hxg3 c6 28. Rf5 Kd7 29. g4 Ke7 30. Rf3 Rd6 31. Re3+ Kf7 32. Ke2 c5 33. Rh3 1/2-1/2

[Event "Reykjavik zt"]
[Site "Reykjavik ISL"]
[Date "1975.??.??"]
[Round "13"]
[White "Liberzon, Vladimir M"]
[Black "Zwaig, Arne"]
[Result "1/2-1/2"]
[WhiteElo "2485"]
[BlackElo "2430"]
[PlyCount "76"]
[EventDate "1975.??.??"]
[Source "www.chesslib.no"]
[SourceDate "2004.05.04"]

1. e4 e5 2. Nf3 Nc6 3. Bb5 a6 4. Ba4 b5 5. Bb3 Na5 6. O-O d6 7. d4 f6 8. Qe2 Nxb3 9. axb3 Bb7 10. Rd1 Qc8 11. Nc3 Ne7 12. dxe5 dxe5 13. Be3 Kf7 14. Rd2 g6 15. Rad1 Bg7 16. Bc5 Bc6 17. Bxe7 Kxe7 18. Nd5+ Kf7 19. Rd3 Re8 20. Rc3 Re6 21. b4 Bf8 22. Nd2 a5 23. bxa5 Rxa5 24. Rb3 Ra4 25. Nc3 Rd4 26. Nxb5 Bxb5 27. Qxb5 Red6 28. Rd3 Rb6 29. Qa5 Rxb2 30. Rxd4 exd4 31. Qd5+ Qe6 32. Qxd4 Rxc2 33. Qd3 Qa2 34. Kf1 Bb4 35. Qd7+ Kg8 36. Qd8+ Kg7 37. Qd7+ Kf8 38. Qd8+ Kg7 1/2-1/2

[Event "Dortmund-B"]
[Site "Dortmund"]
[Date "1990.??.??"]
[Round "?"]
[White "Vogt, Lothar"]
[Black "Stein, Bernd"]
[Result "1-0"]
[WhiteElo "2500"]
[BlackElo "2415"]
[PlyCount "53"]
[EventDate "1990.04.??"]
[Source "ChessBase"]

1. e4 e5 2. Nf3 Nc6 3. Bb5 a6 4. Ba4 b5 5. Bb3 Na5 6. O-O d6 7. d4 Nxb3 8. axb3 exd4 9. Nxd4 Bb7 10. Nc3 g6 11. Re1 Bg7 12. Bf4 Ne7 13. Nd5 c6 14. Nxe7 Qxe7 15. Nf5 gxf5 16. Bxd6 Qd7 17. exf5+ Kd8 18. Qg4 Re8 19. Rxe8+ Kxe8 20. Re1+ Kd8 21. Be7+ Kc8 22. Qxg7 Qxf5 23. Bd6 Kd7 24. Qd4 Qd5 25. Re7+ Kxd6 26. Qf6+ Kc5 27. Re5 1-0

[Event "Cattolica"]
[Site "Cattolica ITA"]
[Date "1993.??.??"]
[Round "7"]
[White "Tolnai, Tibor"]
[Black "Mahdi, Khaled"]
[Result "1/2-1/2"]
[WhiteElo "2490"]
[BlackElo "2420"]
[PlyCount "37"]
[EventDate "1993.05.??"]
[Source "www.chesslib.no"]
[SourceDate "2004.05.04"]

1. e4 e5 2. Nf3 Nc6 3. Bb5 a6 4. Ba4 b5 5. Bb3 Bc5 6. c3 d6 7. d4 exd4 8. cxd4 Bb6 9. h3 h6 10. O-O Nge7 11. Nc3 Na5 12. Bc2 O-O 13. Re1 f5 14. exf5 Bxf5 15. Bxf5 Nxf5 16. Qd3 Rf7 17. a4 b4 18. Ne4 Qd7 19. Be3 1/2-1/2

[Event "Chigorin Memorial"]
[Site "St. Petersburg"]
[Date "2004.10.16"]
[Round "1.1"]
[White "Alekseev, Evgeny"]
[Black "Melnikov, Dmitry"]
[Result "1-0"]
[WhiteElo "2604"]
[BlackElo "2303"]
[PlyCount "51"]
[EventDate "2004.10.15"]
[Source "Roberto Alvarez"]
[SourceDate "2004.11.08"]

1. e4 e5 2. Nf3 Nc6 3. Bb5 a6 4. Ba4 f5 5. d4 exd4 6. e5 Bc5 7. O-O Nge7 8. Bb3 d5 9. exd6 Qxd6 10. Ng5 Qf6 11. Qh5+ g6 12. Qh6 Ne5 13. Nxh7 Rxh7 14. Qxh7 Bd7 15. Qh6 O-O-O 16. Bg5 Qd6 17. Qh4 Re8 18. Nd2 Bb5 19. Rfe1 d3 20. Bf4 dxc2 21. Rxe5 g5 22. Qxg5 Qd4 23. Rxc5 Qxc5 24. Rc1 Nc6 25. Be3 Qe5 26. Nf3 1-0

[Event "Balkaniad"]
[Site "Kavala"]
[Date "1990.??.??"]
[Round "3"]
[White "Strikovic, Aleksa"]
[Black "Moutousis, Konstantinos"]
[Result "0-1"]
[WhiteElo "2510"]
[BlackElo "2395"]
[PlyCount "64"]
[EventDate "1990.10.??"]
[Source "ChessBase"]

1. e4 e5 2. Nf3 Nc6 3. Bb5 a6 4. Ba4 b5 5. Bb3 Na5 6. O-O d6 7. d4 f6 8. c3 Nxb3 9. axb3 Ne7 10. Re1 g5 11. c4 b4 12. dxe5 dxe5 13. Qxd8+ Kxd8 14. Rd1+ Ke8 15. Be3 Ng6 16. Nbd2 Be7 17. Ne1 Kf7 18. Nf1 Nf4 19. Ng3 Kg6 20. Nf5 Bxf5 21. exf5+ Kxf5 22. Bxf4 gxf4 23. Rd7 Bd6 24. Ra5 Rag8 25. Rxa6 Ra8 26. Ra4 e4 27. f3 Ke6 28. Rg7 f5 29. Nc2 Rxa4 30. bxa4 Be5 31. Rg5 b3 32. Na3 Bxb2 0-1

[Event "Toth mem"]
[Site "Kecskemet"]
[Date "1983.??.??"]
[Round "?"]
[White "Hazai, Laszlo"]
[Black "Eslon, Jaan"]
[Result "1-0"]
[WhiteElo "2475"]
[BlackElo "2430"]
[PlyCount "63"]
[EventDate "1983.08.??"]
[Source "ChessBase"]

1. e4 e5 2. Nf3 Nc6 3. Bb5 a6 4. Ba4 d6 5. O-O b5 6. Bb3 Na5 7. d4 Nxb3 8. axb3 f6 9. c4 b4 10. Be3 Bb7 11. d5 c5 12. dxc6 Bxc6 13. Nbd2 g6 14. Ne1 Bh6 15. Qe2 Bxe3 16. Qxe3 Kf7 17. Nd3 a5 18. f4 Kg7 19. c5 Bb5 20. Nc4 Bxc4 21. bxc4 dxc5 22. Nxc5 Qb6 23. Rad1 Re8 24. Kh1 exf4 25. Rd7+ Re7 26. Qd4 g5 27. Rd6 Qb8 28. Nd7 Rxd7 29. Rxd7+ Kg6 30. Rd6 Qf8 31. e5 Kg7 32. Rd8 1-0

[Event "IV Open Vila de Sort"]
[Site "Sort SPA"]
[Date "2008.06.25"]
[Round "2"]
[White "Bruned, Yvain"]
[Black "Mirzoev, Azer"]
[Result "0-1"]
[WhiteElo "2360"]
[BlackElo "2543"]
[PlyCount "194"]
[EventDate "2008.06.24"]
[Source "www.chesslib.no"]
[SourceDate "2004.05.04"]

1. e4 e5 2. Nf3 Nc6 3. Bb5 a6 4. Ba4 b5 5. Bb3 Na5 6. O-O Nxb3 7. axb3 d6 8. d4 exd4 9. Nxd4 Bb7 10. Nc3 Nf6 11. Bg5 h6 12. Bxf6 Qxf6 13. Nd5 Qd8 14. Qd3 c6 15. Ne3 Qd7 16. c4 b4 17. Ndc2 a5 18. Rfd1 Qc7 19. Nf5 Rd8 20. Nce3 h5 21. Qd4 Rg8 22. Qd3 g6 23. Nd4 Bg7 24. Rd2 Bf6 25. f4 Qb6 26. Nf3 Kf8 27. Rf2 Kg7 28. Raf1 Bc8 29. h3 Qc5 30. Kh1 Rh8 31. Qe2 Rde8 32. e5 dxe5 33. fxe5 Bd8 34. Nc2 f6 35. Qd2 Rhf8 36. exf6+ Bxf6 37. Nfd4 Bg5 38. Rxf8 Rxf8 39. Qe2 Rxf1+ 40. Qxf1 Bd7 41. Qe2 Qd6 42. Nf3 Bf6 43. Ne3 Be6 44. Qc2 Qf4 45. Qe2 Bf7 46. Qd2 Qe4 47. Nd1 Qe7 48. Ne3 Kg8 49. Qf2 Qd8 50. Qe2 Bg7 51. Qc2 Qf6 52. Nd1 g5 53. Ne3 Qxb2 54. Qe4 Qa1+ 55. Kh2 Qf6 56. Nf5 Bf8 57. N5d4 Bd6+ 58. Kg1 Bc5 59. Kh2 Qf4+ 60. Qxf4 gxf4 61. Nxc6 a4 62. bxa4 b3 63. Nd2 b2 64. Ne5 Be6 65. Nd3 Be3 66. Nxb2 Bxd2 67. Nd3 Bxc4 68. Ne5 Bd5 69. a5 Bxa5 70. Ng6 Kg7 71. Nxf4 Bc7 72. g3 Bxf4 73. gxf4 Kf6 74. Kg3 Kf5 75. Kh4 Bf7 76. Kg3 Ke4 77. Kh4 Kf3 78. Kg5 Kg3 79. h4 Be8 80. f5 Kf3 81. f6 Kg3 82. Kf5 Kxh4 83. Kf4 Bg6 84. Kf3 Kg5 85. Kg3 Kxf6 86. Kh4 Kf5 87. Kg3 Kg5 88. Kh3 Bf5+ 89. Kg3 h4+ 90. Kf3 Bc8 91. Kg2 Kg4 92. Kf2 Bb7 93. Kg1 Kg3 94. Kf1 h3 95. Kg1 h2+ 96. Kf1 Bf3 97. Ke1 h1=Q+ 0-1

[Event "New York op"]
[Site "New York"]
[Date "1987.??.??"]
[Round "?"]
[White "Wolff, Patrick G"]
[Black "Lombardy, William James"]
[Result "1-0"]
[WhiteElo "2430"]
[BlackElo "2470"]
[PlyCount "109"]
[EventDate "1987.04.??"]
[Source "ChessBase"]

1. e4 e5 2. Nf3 Nc6 3. Bb5 a6 4. Ba4 b5 5. Bb3 Na5 6. O-O d6 7. d4 Nxb3 8. axb3 exd4 9. Nxd4 Bb7 10. Nc3 g6 11. f4 Bg7 12. f5 c6 13. b4 Nf6 14. Nb3 O-O 15. Bf4 Qb6+ 16. Kh1 Ne8 17. Bxd6 Nxd6 18. Qxd6 Rad8 19. Qf4 Rfe8 20. Nc5 Bc8 21. f6 Bf8 22. e5 a5 23. Rxa5 Qc7 24. Re1 Bf5 25. Raa1 h5 26. h3 Bxc2 27. g4 h4 28. Rac1 Bd3 29. b3 g5 30. Qxg5+ Bg6 31. Qf4 Kh7 32. Kg2 Qa7 33. Ra1 Qc7 34. Re2 Kg8 35. Rae1 Qa7 36. Qf2 Qa3 37. e6 fxe6 38. Nxe6 Rd3 39. Nxf8 Rg3+ 40. Kh2 Rxf8 41. Qf4 Qxb3 42. Qh6 Rxh3+ 43. Kxh3 Qxc3+ 44. Kxh4 Qxf6+ 45. Qg5 Qd6 46. Rd2 Qf6 47. Qxf6 Rxf6 48. Kg5 Kg7 49. Re7+ Bf7 50. Rdd7 Rg6+ 51. Kf5 Rf6+ 52. Ke5 Kg6 53. Rxf7 Rxf7 54. Rxf7 Kxf7 55. Kd6 1-0